000 00471cam a2200181ua 4500
001 5155
008 120816n nyu |||gr||||Z||||||eng
040 _cMAIN
082 _a821
100 _aPalgrave, Francis Turner, ,
_eAuthor,
245 1 1 _aGolden treasury
_cby Francis Turner Palgrave
250 _a1st.
260 _aToronto:
_bOxford university press,
_c1965.
300 _a615p:
_c15cm.
653 _aEnglish poetry
700 _aPress, John,
_eEditor,
942 _cBK
999 _c4337
_d4337